000 00684nam a2200241 a 4500
001 75106
003 BD-RjUL
005 20211209082639.0
008 140126s1956 enka 001 0 eng d
035 _a(BD-RjUL)75324
040 _aBD-RjUL
_beng
_cBD-RjUL
_dBD-RjUL
041 _aeng
082 0 0 _a551.8
_223
_bSIS 1956
100 1 _aSitter, L. U. de
_q(Lamoraal Ulbo),
_d1902-
_934379
245 1 0 _aStructural geology /
_cby L.U. de Sitter.
250 _a1st ed.
260 _aLondon :
_bMcGraw-Hill,
_c1956.
300 _aV, 552 p. :
_bill. ;
_c23 cm.
504 _aIncludes index.
504 _aIncludes bibliography:
650 0 _aGeology, Structural.
_934380
942 _2ddc
_cBK
999 _c75106
_d75106